000 01008nam a2200193 a 4500
008 120416s2002 ||||||||||||||||| || u
050 _aEARTHSCAN(02)2002/A
100 _aLopes, Carlos
245 1 0 _aCapacity for development
246 _anew solutions to old problems
260 _aLondon
_bEarthscan
_c2002
350 _a0.00
700 _aFukuda-Parr, Sakiko
700 _aMalik, Khalid
995 _aSPECIAL COLLECTIONS
_D0.00
_e9012164
_FCBU-MAIN LIBRARY (Kitwe)
_H1
_I0.00
_jEARTHSCAN(02)2002/A
_UAVAILABLE
_y9012164
_ZInternational Publications
995 _aSPECIAL COLLECTIONS
_D0.00
_e9012165
_FCBU-MAIN LIBRARY (Kitwe)
_H2
_I0.00
_jEARTHSCAN(02)2002/A
_UAVAILABLE
_y9012165
_ZInternational Publications
995 _aSPECIAL COLLECTIONS
_D0.00
_e9012166
_FCBU-MAIN LIBRARY (Kitwe)
_H3
_I0.00
_jEARTHSCAN(02)2002/A
_UAVAILABLE
_y9012166
_ZInternational Publications
995 _aSPECIAL COLLECTIONS
_D0.00
_e9012167
_FCBU-MAIN LIBRARY (Kitwe)
_H4
_I0.00
_jEARTHSCAN(02)2002/A
_UAVAILABLE
_y9012167
_ZInternational Publications
999 _c78023
_d78023